Aportes a la investigación social en salud sexual y reproductiva / (Registro nro. 220)
[ vista simple ]
| 000 -LEADER | |
|---|---|
| fixed length control field | 01111 am a2200277 a 4500 |
| 005 - FECHA ULTIMA MODIFICACION | |
| control field | 20240521095648.0 |
| 008 - CAMPO DE CONTROL (LIBRO) | |
| fixed length control field | 100405s2007||||ag ||||f |||| 001 0 spa d |
| 020 ## - INTERNATIONAL STANDARD BOOK NUMBER | |
| ISBN | 9789872050016 |
| 041 ## - CODIGO DE IDIOMA | |
| Código de idioma del texto/pista de sonido o título separado | spa |
| 092 ## - SIGNATURA TOPOGRAFICA DEWEY LOCAL | |
| número de clasificación | 363.9 |
| libristica | 3 |
| sección | APO |
| 245 ## - TITULO PROPIAMENTE DICHO | |
| Título | Aportes a la investigación social en salud sexual y reproductiva / |
| Mención de responsabilidad y remanente de la transcripción de la portada | Elsa López |
| 250 ## - MENCION DE EDICION | |
| Mención de edición | 1a ed. |
| 260 ## - PIE DE IMPRENTA | |
| Lugar de publicación, distribución, etc | Buenos Aires: |
| Nombre de la editorial, distribuidor, etc | CENEP ; CEDES ; AEPA ; UNFPA; |
| Fecha de publicación | 2007. |
| 300 ## - DESCRIPCION FISICA | |
| Extension | 423 p. |
| Dimensiones | 24x17 cm. |
| 500 ## - NOTA GENERAL | |
| Nota general | López, E. y Pantelides, E. A. (Comps.). (2007). Aportes a la investigación social en salud sexual y reproductiva. (1a ed.). Buenos Aires : CENEP ; CEDES ; AEPA ; UNFPA. |
| 590 ## - NOTAS LOCALES (RLIN) | |
| Nota local | Donación Comisión Nacional "Salud Investiga", Ministerio de Salud de la Nación. 2007 |
| 653 ## - TÉRMINO INDIZADO - PALABRAS CLAVES | |
| Palabra clave | Educación sexual |
| 653 ## - TÉRMINO INDIZADO - PALABRAS CLAVES | |
| Palabra clave | Sexualidad y juventud |
| 653 ## - TÉRMINO INDIZADO - PALABRAS CLAVES | |
| Palabra clave | Vivencia del tratamiento y de la enfermedad |
| 653 ## - TÉRMINO INDIZADO - PALABRAS CLAVES | |
| Palabra clave | Respuestas institucionales |
| 653 ## - TÉRMINO INDIZADO - PALABRAS CLAVES | |
| Palabra clave | Intersección entre las ciencias biomédidas y sociales |
| 700 1# - ENTRADAS SECUNDARIAS - NOMBRE PERSONAL | |
| Nombre personal | López, Elsa |
| Función | Comp. |
| 9 (RLIN) | 320 |
| 700 1# - ENTRADAS SECUNDARIAS - NOMBRE PERSONAL | |
| Nombre personal | Pantelides, Edith A. |
| Función | Comp. |
| 9 (RLIN) | 321 |
| 930 ## - NUMERO DE INVENTARIO | |
| Número de inventario | 1867 |
| 942 ## - ADDED ENTRY ELEMENTS (KOHA) | |
| Source of classification or shelving scheme | Dewey Decimal Classification |
| Item type | Libros |
| Estado de retiro | Existencia | Estado general | No para prestamo | Ubicación permanente | ubicación actual | Sala de ubicación | Fecha de adquisición | Total Checkouts | Número de clasificación | Código de barras | Date last seen | Date last borrowed | Número de ejemplar | Price effective from | Koha tipo de elemento (item) |
|---|---|---|---|---|---|---|---|---|---|---|---|---|---|---|---|
| Biblioteca Medicina | Biblioteca Medicina | Circulación | 13/05/2011 | 4 | 363.9 3 APO | 1867 | 14/04/2015 | 10/04/2015 | ej.1 | 13/05/2011 | Libros |